| LEADER | 00699nam a2200169 4500 | ||
|---|---|---|---|
| 999 | |c 11253 |d 11253 | ||
| 082 | |a 759.44 |b V510L | ||
| 100 | |a Nguyễn Thắng Vu chủ biên | ||
| 245 | |a Vuillazd: danh họa thế giới |c Nguyễn Thắng Vu chủ biên, Nguyễn Quân, Nguyễn Phú Kim,... | ||
| 260 | |a H. |b Kim đồng |c 2004 | ||
| 300 | |a 24 tr. |c 19 cm. | ||
| 520 | |a Giới thiệu cuộc đời và sự nghiệp, tác phẩm của danh họa người Pháp Vuillard | ||
| 653 | |a Hội họa | ||
| 653 | |a Pháp | ||
| 653 | |a Danh họa | ||
| 942 | |2 ddc |c SH | ||
| 952 | |0 0 |1 0 |2 ddc |4 0 |6 759_440000000000000_V510L |7 0 |8 700 |9 96583 |a qbu |b qbu |c D5 |d 2015-10-02 |g 5000 |o 759.44 V510L |p 10646.c1 |r 2015-10-29 |w 2015-10-02 |y SH | ||